<?xml version="1.0" encoding="UTF-8"?>
<record
    xmlns:xsi="http://www.w3.org/2001/XMLSchema-instance"
    xsi:schemaLocation="http://www.loc.gov/MARC21/slim http://www.loc.gov/standards/marcxml/schema/MARC21slim.xsd"
    xmlns="http://www.loc.gov/MARC21/slim">

  <leader>00473nam a22001817a 4500</leader>
  <controlfield tag="005">20230609073652.0</controlfield>
  <controlfield tag="008">230609b        |||||||| |||| 00| 0 eng d</controlfield>
  <datafield tag="020" ind1=" " ind2=" ">
    <subfield code="a">9780435079901</subfield>
  </datafield>
  <datafield tag="040" ind1=" " ind2=" ">
    <subfield code="a">KMU</subfield>
    <subfield code="c">KMU</subfield>
    <subfield code="d">KMU</subfield>
    <subfield code="e">rda</subfield>
  </datafield>
  <datafield tag="050" ind1=" " ind2=" ">
    <subfield code="a">PS 509.S87</subfield>
  </datafield>
  <datafield tag="100" ind1=" " ind2=" ">
    <subfield code="a">Lynch,Emma</subfield>
  </datafield>
  <datafield tag="245" ind1=" " ind2=" ">
    <subfield code="a">Summer Storm</subfield>
    <subfield code="b">/</subfield>
    <subfield code="c">Emma Lyn</subfield>
  </datafield>
  <datafield tag="260" ind1=" " ind2=" ">
    <subfield code="a">UK:</subfield>
    <subfield code="b">Pearson Education Limited,</subfield>
    <subfield code="c">2010.</subfield>
  </datafield>
  <datafield tag="300" ind1=" " ind2=" ">
    <subfield code="a">16 p.;</subfield>
    <subfield code="b">ill.;</subfield>
    <subfield code="c">8cm</subfield>
  </datafield>
  <datafield tag="650" ind1=" " ind2=" ">
    <subfield code="a">Summer Storm</subfield>
  </datafield>
  <datafield tag="650" ind1=" " ind2=" ">
    <subfield code="a">Rainfall-Thunder</subfield>
  </datafield>
  <datafield tag="942" ind1=" " ind2=" ">
    <subfield code="2">lcc</subfield>
    <subfield code="c">BK</subfield>
    <subfield code="n">0</subfield>
  </datafield>
  <datafield tag="999" ind1=" " ind2=" ">
    <subfield code="c">385</subfield>
    <subfield code="d">385</subfield>
  </datafield>
  <datafield tag="952" ind1=" " ind2=" ">
    <subfield code="0">0</subfield>
    <subfield code="1">0</subfield>
    <subfield code="2">lcc</subfield>
    <subfield code="4">0</subfield>
    <subfield code="7">0</subfield>
    <subfield code="8">NFIC</subfield>
    <subfield code="a">CPL</subfield>
    <subfield code="b">CPL</subfield>
    <subfield code="c">CHILD</subfield>
    <subfield code="d">2023-06-09</subfield>
    <subfield code="e">Zambia Library Service</subfield>
    <subfield code="l">0</subfield>
    <subfield code="o">PS 509.S87 Lyn</subfield>
    <subfield code="p">300536</subfield>
    <subfield code="r">2023-06-09 00:00:00</subfield>
    <subfield code="w">2023-06-09</subfield>
    <subfield code="y">BK</subfield>
  </datafield>
  <datafield tag="952" ind1=" " ind2=" ">
    <subfield code="0">0</subfield>
    <subfield code="1">0</subfield>
    <subfield code="2">lcc</subfield>
    <subfield code="4">0</subfield>
    <subfield code="7">0</subfield>
    <subfield code="8">NFIC</subfield>
    <subfield code="a">CPL</subfield>
    <subfield code="b">CPL</subfield>
    <subfield code="c">CHILD</subfield>
    <subfield code="d">2023-06-09</subfield>
    <subfield code="e">Zambia Library Service</subfield>
    <subfield code="l">0</subfield>
    <subfield code="o">PS 509.S87 Lyn</subfield>
    <subfield code="p">300535</subfield>
    <subfield code="r">2023-06-09 00:00:00</subfield>
    <subfield code="w">2023-06-09</subfield>
    <subfield code="y">BK</subfield>
  </datafield>
  <datafield tag="952" ind1=" " ind2=" ">
    <subfield code="0">0</subfield>
    <subfield code="1">0</subfield>
    <subfield code="2">lcc</subfield>
    <subfield code="4">0</subfield>
    <subfield code="7">0</subfield>
    <subfield code="8">NFIC</subfield>
    <subfield code="a">CPL</subfield>
    <subfield code="b">CPL</subfield>
    <subfield code="c">CHILD</subfield>
    <subfield code="d">2023-06-09</subfield>
    <subfield code="e">Zambia Library Service</subfield>
    <subfield code="l">1</subfield>
    <subfield code="m">1</subfield>
    <subfield code="o">PS 509.S87 Lyn</subfield>
    <subfield code="p">300534</subfield>
    <subfield code="r">2024-02-23 00:00:00</subfield>
    <subfield code="s">2024-02-07</subfield>
    <subfield code="w">2023-06-09</subfield>
    <subfield code="y">BK</subfield>
  </datafield>
  <datafield tag="952" ind1=" " ind2=" ">
    <subfield code="0">0</subfield>
    <subfield code="1">0</subfield>
    <subfield code="2">lcc</subfield>
    <subfield code="4">0</subfield>
    <subfield code="7">0</subfield>
    <subfield code="8">NFIC</subfield>
    <subfield code="a">CPL</subfield>
    <subfield code="b">CPL</subfield>
    <subfield code="c">CHILD</subfield>
    <subfield code="d">2023-06-09</subfield>
    <subfield code="e">Zambia Library Service</subfield>
    <subfield code="l">0</subfield>
    <subfield code="o">PS 509.S87 Lyn</subfield>
    <subfield code="p">300533</subfield>
    <subfield code="r">2023-06-09 00:00:00</subfield>
    <subfield code="w">2023-06-09</subfield>
    <subfield code="y">BK</subfield>
  </datafield>
  <datafield tag="952" ind1=" " ind2=" ">
    <subfield code="0">0</subfield>
    <subfield code="1">0</subfield>
    <subfield code="2">lcc</subfield>
    <subfield code="4">0</subfield>
    <subfield code="7">0</subfield>
    <subfield code="8">NFIC</subfield>
    <subfield code="a">CPL</subfield>
    <subfield code="b">CPL</subfield>
    <subfield code="c">CHILD</subfield>
    <subfield code="d">2023-06-09</subfield>
    <subfield code="e">Zambia Library Service</subfield>
    <subfield code="l">0</subfield>
    <subfield code="o">PS 509.S87 Lyn</subfield>
    <subfield code="p">300532</subfield>
    <subfield code="r">2023-06-09 00:00:00</subfield>
    <subfield code="w">2023-06-09</subfield>
    <subfield code="y">BK</subfield>
  </datafield>
</record>
